Coulson and Richardson's chemical engineering. V.6 /

Guardat en:
Dades bibliogràfiques
Autor principal: Coulson, J. M.
Format: Llibre
Idioma:English
Publicat: Oxford ; Boston : Butterworth-Heinemann, 1999.
Edició:3rd ed.
Matèries:
Etiquetes: Afegir etiqueta
Sense etiquetes, Sigues el primer a etiquetar aquest registre!
Thư viện lưu trữ: Mạng thư viện Đại học Đà Nẵng
LEADER 01129cam a2200349 i 4500
001 000046409
003 5876
005 20180119140742.0
008 010220b1999 vm 000 eng
020 |a 0750641428 
040 |a LRCC  |c LRCC  |d LRCC 
041 0 |a eng 
082 1 4 |a 660  |b CO-J 
100 1 |a Coulson, J. M.  |q (John Metcalfe) 
245 0 0 |a Coulson and Richardson's chemical engineering.  |n V.6 /  |c J. M. (John Metcalfe) Coulson. 
250 |a 3rd ed. 
260 |a Oxford ; Boston :  |b Butterworth-Heinemann,  |c 1999. 
300 |a xxv, 1045p. :  |b ill. 
630 0 4 |a Chemical engineering. 
650 0 4 |a Chemical engineering. 
OWN |a DUT 
AVA |a UDN50  |b DUT  |c Book  |d 660 CO-J  |e available  |t Error 5001 Not defined in file expand_doc_bib_avail.  |f 1  |g 0  |h N  |i 0  |j SH  |k 1 
999 |a From the UDN01 
AVA |a UDN50  |b DUT  |c Book  |d 660 CO-J  |e available  |t Error 5001 Not defined in file expand_doc_bib_avail.  |f 1  |g 0  |h N  |i 0  |j SH  |k 1 
TYP |a Monograph 
TYP |a Printed language 
980 |a Mạng thư viện Đại học Đà Nẵng